00307 a2200097 450000100060000008200120000610000180001824501120003626000520014830000090020065304 a158 COV aStephen Covey aSeven habits of highly effective people; powerful lessons in personal changebrestoring the character ethic aLahorebCombine Printers, West view pressc1989 a358p